Statistics for Diaspora-Germany

Click here to take the quiz!

General Stats

  • This quiz has been taken 50 times
  • The average score is 36 of 45

Answer Stats

Number of immigrants Continent Country % Correct
46.882.727North AmericaUnited States of America
100%
3.500.000South AmericaArgentina
98%
3.203.330North AmericaCanada
98%
1.000.000EuropeFrance
98%
12.000.000South AmericaBrazil
98%
273.654EuropeUnited Kingdom
98%
148.000EuropePoland
96%
1.200.000AfricaSouth Africa
96%
898.700OceaniaAustralia
96%
500.000South AmericaChile
96%
394.138Asia/ EuropeRussia
93%
9.668South AmericaColombia
93%
138.917EuropeSpain
93%
40.000South AmericaUruguay
91%
48.987EuropeSweden
91%
73.000EuropeBelgium
91%
372.720Europethe Netherlands
91%
266.000EuropeSwitzerland
89%
375.000South AmericaBolivia
89%
290.000South AmericaParaguay
89%
170.475EuropeAustria
89%
18.772EuropeCzech Republic
87%
314.604EuropeItaly
87%
25.000EuropeNorway
85%
12.810OceaniaNew Zealand
85%
15.000EuropeDenmark
85%
240.000South AmericaPeru
83%
33.000South AmericaEcuador
80%
5.447EuropeFinland
78%
10.000EuropeIreland
76%
15.498EuropePortugal
76%
5.000-10.000EuropeSlovakia
76%
33.302EuropeUkraine
76%
131.951EuropeHungary
76%
30.000AfricaNamibia
74%
36.884EuropeRomania
72%
15.498EuropeGreece
70%
12.387North AmericaCuba
70%
25.000North AmericaDominican Republic
59%
7.000-10.000North AmericaGuatemala
59%
100.000AsiaIsrael
57%
178.409AsiaKazakhstan
46%
10.865North AmericaBelize
37%
6.400Asiathe Philippines
22%
8.563AsiaKyrgyzstan
17%

Score Distribution

Percentile by Number Answered

Percent of People with Each Score

Your Score History

You have not taken this quiz